000 00758nam a2200229Ia 4500
001 8890
003 GE_BSU
008 181216s||||||||xx |||||||||||||| ||und||
040 _cGE_BSU
080 _a821.353.1-2
100 _aკასრაძე,დავით
245 _aლეგენდა რუსთაველზე
245 _bდრამატული პოემა
245 _cრედ.:ტ.ჭანტურია;მხატვ.:გ.გოცაძე
260 _aთბილისი
260 _bნაკადული
260 _c1966
300 _a215გვ.17სმ.
653 _aდრამატული პოემა
653 _aლეგენდა რუსთაველზე
942 _cBK
999 _c42197
_d42197